[Event "Fast Queen Gambit Declined!"]
[Site "SchemingMind.com"]
[Date "2018.09.18"]
[Round "-"]
[White "willyboy"]
[Black "jolasebabes"]
[Result "1/2-1/2"]
[WhiteCountry "AUT"]
[BlackCountry "POR"]
[WhiteElo "1792"]
[WhiteRD "134"]
[BlackElo "2150"]
[BlackRD "72"]
[GameID "432705"]

1. d4 d5 2. c4 e6 3. Nc3 Nf6 4. Bg5 Be7 5. Nf3 Nbd7 6. cxd5 exd5 7. e3 h6 8. Bf4 O-O 9. Bd3 c6 10. h3 Re8
11. O-O Nf8 12. Qc2 Bd6 13. Bxd6 Qxd6 14. Rad1 Be6 15. Rb1 a5 16. a3 N8d7 17. Rbc1 Rab8 18. Qa4 Ra8 19. Qc2 Rab8=
1/2-1/2

[Event "Fast Queen Gambit Declined!"]
[Site "SchemingMind.com"]
[Date "2018.10.06"]
[Round "-"]
[White "Phillip Beckett"]
[Black "krzysztof"]
[Result "1-0"]
[WhiteCountry "ENG"]
[BlackCountry "POL"]
[WhiteElo "1536"]
[WhiteRD "53"]
[BlackElo "1463"]
[BlackRD "80"]
[GameID "433323"]

1. d4 d5 2. c4 e6 3. Nc3 Nf6 4. Bg5 Be7 5. Nf3 h6 6. Bh4 g5 7. Bg3 c6 8. e3 Ne4 9. Nxe4 f5 10. Nc3 Bb4
11. cxd5 Qxd5 12. Ne5 Nd7 13. Nxd7 Bxd7 14. Qh5+ Kd8 15. Qf7 Bxc3+ 16. bxc3 e5 17. Qf6+ Kc7 18. Bxe5+ Kb6 19. Rb1+ Ka5 20. Qe7 b5
21. Bc7+ Ka6 22. a4 Kb7 23. axb5 Kxc7 24. bxc6 Qxc6 25. Bb5 Qd6 26. Qxd7+ Qxd7 27. Bxd7 Kxd7 28. Kd2 Rhc8 29. Rb7+ Rc7 30. Rhb1 Kc6
31. Rxc7+ Kxc7 32. c4 Rb8 33. Rxb8 Kxb8 34. d5 Kc7 35. Kc3 Kd6 36. Kb4 Ke5 37. f3 f4 38. e4 Kd6 39. c5+ Kc7 40. c6 h5
41. Kb5 g4 42. e5 g3 43. h3 h4 44. d6+ Kc8 45. Ka6 Kb8 46. e6 Kc8 47. e7 Kb8 48. e8=Q#
1-0

[Event "Fast Queen Gambit Declined!"]
[Site "SchemingMind.com"]
[Date "2018.10.06"]
[Round "-"]
[White "krzysztof"]
[Black "Phillip Beckett"]
[Result "0-1"]
[WhiteCountry "POL"]
[BlackCountry "ENG"]
[WhiteElo "1463"]
[WhiteRD "80"]
[BlackElo "1536"]
[BlackRD "53"]
[GameID "433324"]

1. d4 d5 2. c4 e6 3. Nc3 Nf6 4. Bg5 Be7 5. Nf3 h6 6. Bh4 O-O 7. h3 Ne4 8. Bxe7 Qxe7 9. a3 Nxc3 10. bxc3 dxc4
11. Ne5 c5 12. Nxc4 cxd4 13. cxd4 Nd7 14. e3 Nf6 15. f3 Bd7 16. Qb3 Bc6 17. Bd3 Bd5 18. Rc1 Rfc8 19. O-O Bxc4 20. Bxc4 Rc7
21. Rc3 Rac8 22. Rfc1 a6 23. a4 Nd5 24. Bxd5 Rxc3 25. Rxc3 Rxc3 26. Qxc3 exd5 27. Qc8+ Kh7 28. Qf5+ g6 29. Qxd5 Qc7 30. Qc5 Qxc5
31. dxc5 Kg7 32. Kf2 Kf6 33. Ke2 Ke6 34. g4 Kd5 35. h4 Kxc5 36. Kd3 b5 37. axb5 axb5 38. e4 b4 39. f4 b3 40. Kc3 b2
41. Kxb2 Kd4 42. h5 Kxe4 43. hxg6 fxg6 44. f5 gxf5 45. gxf5 Kxf5 46. Kc1 Kf4 47. Kd1 Kf3 48. Ke1 Kg2 49. Ke2 h5
0-1

[Event "Fast Queen Gambit Declined!"]
[Site "SchemingMind.com"]
[Date "2018.10.06"]
[Round "-"]
[White "kenneth m day"]
[Black "krzysztof"]
[Result "1-0"]
[WhiteCountry "USA"]
[BlackCountry "POL"]
[WhiteElo "1687"]
[WhiteRD "59"]
[BlackElo "1463"]
[BlackRD "80"]
[GameID "433325"]

1. d4 d5 2. c4 e6 3. Nc3 Nf6 4. Bg5 Be7 5. Nf3 Bb4 6. Qc2 Na6 7. a3 Be7 8. e3 h6 9. Bxf6 gxf6 10. Bd3 f5
11. cxd5 exd5 12. Bxf5 Bxf5 13. Qxf5 c6 14. Ne5 Bf6 15. O-O Qe7 16. Ng4 Bg5 17. f4 h5 18. Ne5 Bf6 19. Rf3 Bxe5 20. fxe5 Nc7
21. Raf1 Qe6 22. Qxf7+ Qxf7 23. Rxf7 O-O-O 24. Rg7 Rd7 25. Rff7 Rxf7 26. Rxf7 Ne8 27. Ne2 Rh6 28. Nf4 h4 29. e6 Kd8 30. Rxb7 Nf6
31. Rxa7 Ne4 32. b4 Nd6 33. a4 Rh8 34. Rd7+ Ke8 35. Rxd6 Rh7 36. Rxc6 Ke7 37. Rc7+ Kd6 38. Rxh7 h3 39. Rd7+ Kc6 40. Rd8 hxg2
41. Kxg2 Kc7 42. e7 Kc6 43. e8=Q+ Kc7 44. Qe7+ Kb6 45. Rd6#
1-0

[Event "Fast Queen Gambit Declined!"]
[Site "SchemingMind.com"]
[Date "2018.10.06"]
[Round "-"]
[White "krzysztof"]
[Black "kenneth m day"]
[Result "1-0"]
[WhiteCountry "POL"]
[BlackCountry "USA"]
[WhiteElo "1463"]
[WhiteRD "80"]
[BlackElo "1687"]
[BlackRD "59"]
[GameID "433326"]

1. d4 d5 2. c4 e6 3. Nc3 Nf6 4. Bg5 Be7 5. Nf3 h6 6. Bf4 O-O 7. h3 Nbd7 8. g4 Nh7 9. e3 dxc4 10. Bxc4 b6
11. e4 Bb7 12. Bd3 c5 13. d5 exd5 14. e5 d4 15. Ne4 Rc8 16. Rc1 Re8 17. h4 Ndf8 18. g5 hxg5 19. hxg5 Ng6 20. Qd2 Rc7
21. e6 Nxf4 22. Qxf4 Rf8 23. Qh4 fxe6 24. Qxh7+ Kf7 25. Ne5+ Ke8 26. Qg6+ Rf7 27. Qxf7#
1-0

[Event "Fast Queen Gambit Declined!"]
[Site "SchemingMind.com"]
[Date "2018.10.06"]
[Round "-"]
[White "krzysztof"]
[Black "ray winteringham"]
[Result "1-0"]
[WhiteCountry "POL"]
[BlackCountry "ENG"]
[WhiteElo "1491"]
[WhiteRD "92"]
[BlackElo "1496"]
[BlackRD "51"]
[GameID "433327"]

1. d4 d5 2. c4 e6 3. Nc3 Nf6 4. Bg5 Be7 5. Nf3 h6 6. Bh4 c6 7. c5 b6 8. g4 g5 9. Bg3 Bb7 10. h3 b5
11. a3 a5 12. e3 a4 13. Bd3 Nbd7 14. b3 Qa5 15. b4 Qa7 16. Qe2 O-O-O 17. Ne5 Nxe5 18. Bxe5 Rhg8 19. Qf3 Nxg4 20. hxg4 f6
21. Bg3 Rdf8 22. Rxh6 Rh8 23. Rh7 Rxh7 24. Bxh7 Rh8 25. Bd3 Kd7 26. Kd2 Qa8 27. e4 Rh6 28. Re1 Qh8 29. e5 Kc8 30. Qg2 Kd7
31. f4 gxf4 32. Bxf4 Rh4 33. Be2 Qh7 34. Rf1 fxe5 35. dxe5 Ke8 36. Bd3 Kf7 37. Bxh7
1-0

[Event "Fast Queen Gambit Declined!"]
[Site "SchemingMind.com"]
[Date "2018.10.06"]
[Round "-"]
[White "ray winteringham"]
[Black "krzysztof"]
[Result "1-0"]
[WhiteCountry "ENG"]
[BlackCountry "POL"]
[WhiteElo "1463"]
[WhiteRD "51"]
[BlackElo "1529"]
[BlackRD "72"]
[GameID "433328"]

1. d4 d5 2. c4 e6 3. Nc3 Nf6 4. Bg5 Be7 5. Nf3 dxc4 6. e3 Bb4 7. Bxc4 Bxc3+ 8. bxc3 Bd7 9. O-O h6 10. Bh4 g5
11. Bg3 Ne4 12. Qd3 f5 13. h3 h5 14. Bb3 Nc6 15. Nd2 Nxd2 16. Qxd2 g4 17. h4 Ne7 18. Be5 Rg8 19. g3 Nc6 20. Bf4 Na5
21. Bg5 Qc8 22. c4 b6 23. d5 Qb7 24. d6 c6 25. Be7 Rc8 26. e4 Rg6 27. e5 c5 28. Qe2 Bc6 29. Bc2 Bh1 30. f3 Bxf3
31. Qd3 Kd7 32. Ba4+ Bc6 33. Qc2 Rg7 34. Bb3 Nxb3 35. axb3 Be4 36. Qd2 Rg6 37. Ra2 a5 38. Rfa1 Bh1 39. Qf4 Bf3 40. Qd2 Qe4
41. Bf6 f4 42. Qxf4 Qd4+ 43. Qxd4 cxd4 44. Rd2 Rc5 45. Rxd4 Rg8 46. b4 axb4 47. Ra7+ Kc8 48. d7+ Kb8 49. Ra4 Bc6 50. d8=Q+ Rxd8
51. Rxd8+ Kc7 52. Rxb4 Kb7 53. Rd6 Ka6 54. Rxe6 Ka5 55. Rb1 Rxc4 56. Rd6 Ba4 57. Rd8 Bb5 58. Ra8+ Ba6 59. Ra1+ Ra4 60. Rxa4+ Kxa4
61. Rxa6+ Kb5 62. Ra7 Kc6 63. e6 Kd6 64. e7 Kc6 65. e8=Q+ Kc5 66. Be7+ Kd5 67. Rd7+ Ke6 68. Rd6+ Kf5 69. Qf7+ Ke5 70. Qe6#
1-0

[Event "Fast Queen Gambit Declined!"]
[Site "SchemingMind.com"]
[Date "2018.10.07"]
[Round "-"]
[White "krzysztof"]
[Black "flyinduck"]
[Result "0-1"]
[WhiteCountry "POL"]
[BlackCountry "CAN"]
[WhiteElo "1529"]
[WhiteRD "72"]
[BlackElo "2000"]
[BlackRD "55"]
[GameID "433329"]

1. d4 d5 2. c4 e6 3. Nc3 Nf6 4. Bg5 Be7 5. Nf3 O-O 6. e3 c6 7. h4 Nbd7 8. Ne5 Ne4 9. Bxe7 Qxe7 10. Bd3 Nxc3
11. bxc3 Nxe5 12. dxe5 dxc4 13. Bc2 Rd8 14. Qg4 Qc5 15. Qe4 g6 16. h5 Qd5 17. Qg4 Qxe5 18. O-O b5 19. hxg6 hxg6 20. Rad1 Bd7
21. Rd4 Be8 22. g3 c5 23. Rxd8 Rxd8 24. e4 Rd2 25. Bd1 Rxa2 26. Kg2 Qxc3 27. Rh1 Qe3 28. Qf4 Qxf4 29. gxf4 c3 30. Rh3 c2
31. Bxc2 Rxc2 32. f5 exf5 33. exf5 gxf5 34. Rf3 Bc6 35. Kg3 Bxf3 36. Kxf3 b4
0-1

[Event "Fast Queen Gambit Declined!"]
[Site "SchemingMind.com"]
[Date "2018.10.07"]
[Round "-"]
[White "flyinduck"]
[Black "krzysztof"]
[Result "1-0"]
[WhiteCountry "CAN"]
[BlackCountry "POL"]
[WhiteElo "1993"]
[WhiteRD "51"]
[BlackElo "1463"]
[BlackRD "80"]
[GameID "433330"]

1. d4 d5 2. c4 e6 3. Nc3 Nf6 4. Bg5 Be7 5. Nf3 a6 6. e3 b5 7. cxb5 a5 8. Bd3 h6 9. Bh4 g5 10. Bg3 Bd6
11. Ne5 c6 12. bxc6 Ba6 13. O-O Qc7 14. Rc1 Nxc6 15. Nb5 Bxb5 16. Bxb5 Rb8 17. Rxc6 Qa7 18. Ra6+ Rxb5 19. Rxa7 Rb8 20. Qa4+ Kf8
21. Rxf7+ Kg8 22. Rxf6 Rh7 23. Rxe6 Bxe5 24. Bxe5 h5 25. Re8+ Rxe8 26. Qxe8#
1-0

[Event "Fast Queen Gambit Declined!"]
[Site "SchemingMind.com"]
[Date "2018.10.06"]
[Round "-"]
[White "krzysztof"]
[Black "jolasebabes"]
[Result "0-1"]
[WhiteCountry "POL"]
[BlackCountry "POR"]
[WhiteElo "1463"]
[WhiteRD "80"]
[BlackElo "2185"]
[BlackRD "69"]
[GameID "433331"]

1. d4 d5 2. c4 e6 3. Nc3 Nf6 4. Bg5 Be7 5. Nf3 h6 6. Bxf6 Bxf6 7. Ne5 O-O 8. e3 c5 9. g3 cxd4 10. exd4 dxc4
11. Bg2 Nc6 12. Nxc6 bxc6 13. O-O Qxd4 14. Qxd4 Bxd4 15. Bxc6 Rb8 16. Rab1 e5 17. Ba4 Bf5 18. Rbe1 Rxb2 19. Nd5 Bd3 20. Ne3 Rxa2
21. Bc6 Rc8 22. Bd5 Rb2 23. f4 Bxf1 24. Kxf1 Bxe3 25. Rxe3 c3 26. fxe5 c2 27. Re1 c1=Q 28. e6 Qxe1+ 29. Kxe1 Rc1#
0-1

[Event "Fast Queen Gambit Declined!"]
[Site "SchemingMind.com"]
[Date "2018.10.08"]
[Round "-"]
[White "jolasebabes"]
[Black "krzysztof"]
[Result "1-0"]
[WhiteCountry "POR"]
[BlackCountry "POL"]
[WhiteElo "2185"]
[WhiteRD "69"]
[BlackElo "1463"]
[BlackRD "80"]
[GameID "433332"]

1. d4 d5 2. c4 e6 3. Nc3 Nf6 4. Bg5 Be7 5. Nf3 c6 6. e3 h6 7. Bh4 g5 8. Bg3 Bb4 9. a3 Bxc3+ 10. bxc3 Ne4
11. Qc2 Na6 12. cxd5 exd5 13. Bd3 Bf5 14. Rb1 Nxg3 15. hxg3 Bxd3 16. Qxd3 Qe7 17. Qf5 f6 18. Qg6+ Kd7 19. Rxb7+ Nc7 20. Ke2 Kc8
21. Rhb1 Re8 22. Nd2 Kd7 23. Nb3 Qxa3 24. Nc5+ Kc8 25. Rxc7+ Kxc7 26. Rb7+ Kc8 27. Qxe8#
1-0

[Event "Fast Queen Gambit Declined!"]
[Site "SchemingMind.com"]
[Date "2018.10.06"]
[Round "-"]
[White "krzysztof"]
[Black "willyboy"]
[Result "0-1"]
[WhiteCountry "POL"]
[BlackCountry "AUT"]
[WhiteElo "1491"]
[WhiteRD "92"]
[BlackElo "2012"]
[BlackRD "80"]
[GameID "433333"]

1. d4 d5 2. c4 e6 3. Nc3 Nf6 4. Bg5 Be7 5. Nf3 h6 6. Bh4 O-O 7. e3 b6 8. Bd3 c5 9. dxc5 bxc5 10. Bg3 Bd6
11. Ne5 Bxe5 12. Bxe5 Nbd7 13. Bg3 d4 14. Ne2 e5 15. e4 Nh5 16. f4 Nxg3 17. Nxg3 exf4 18. Ne2 Qh4+ 19. g3 fxg3 20. Nxg3 Ne5
21. O-O Qg5 22. Be2 Bh3 23. Rf5 Bxf5 24. exf5 Rad8 25. Qf1 d3 26. Bxd3 Rxd3 27. f6 g6 28. b3 Nf3+ 29. Kg2 Qh4 30. Qxf3 Rxf3
31. Kxf3 Qxf6+ 32. Nf5 Qxa1 33. Nxh6+ Kg7 34. Nf5+ gxf5
0-1

[Event "Fast Queen Gambit Declined!"]
[Site "SchemingMind.com"]
[Date "2018.10.06"]
[Round "-"]
[White "willyboy"]
[Black "krzysztof"]
[Result "1-0"]
[WhiteCountry "AUT"]
[BlackCountry "POL"]
[WhiteElo "2012"]
[WhiteRD "80"]
[BlackElo "1491"]
[BlackRD "92"]
[GameID "433334"]

1. d4 d5 2. c4 e6 3. Nc3 Nf6 4. Bg5 Be7 5. Nf3 Bd6 6. cxd5 exd5 7. Nxd5 Be7 8. Nxe7 Qxe7 9. e3 Na6 10. Bb5+ c6
11. Bxa6 bxa6 12. O-O h6 13. Bxf6 Qxf6 14. Ne5 Bb7 15. Qb3 Rb8 16. Rfc1 Qe7 17. Nxc6 Bxc6 18. Qxb8+ Qd8 19. Qxd8+ Kxd8 20. Rxc6 Kd7
21. Rac1 Rd8 22. Rc7+ Ke8 23. g4 Rd7 24. R1c6 Kd8 25. Rxd7+ Kxd7 26. Rxa6 Ke7 27. Rxa7+ Kf6 28. b4 Kg5 29. b5 Kh4 30. b6 h5
31. b7 hxg4 32. b8=Q g3 33. Ra5
1-0